[Event "Bucharest Grand Prix"]
[Site "Bucharest"]
[Date "2023.04.29"]
[Round "1"]
[White "Oparin, Grigoriy"]
[Black "Ienasoaie, Gabriel"]
[Result "1-0"]
[WhiteElo "2667"]
[BlackElo "1711"]
[PlyCount "65"]
[EventDate "2023.04.29"]
[EventType "swiss (rapid)"]
[EventRounds "10"]
[EventCountry "ROU"]
[SourceTitle "CBM 213 Extra"]
[Source "ChessBase"]
[SourceDate "2023.05.31"]
[SourceVersion "1"]
[SourceVersionDate "2023.05.31"]
[SourceQuality "1"]

1. e4 d6 2. d4 g6 3. Nf3 Bg7 4. Bd3 Nd7 5. 0-0 e5 6. c3 Ne7 7. Re1 0-0 8. Na3 a6 9. Bd2 c5 10. Nc4 Qc7 11. a4 cxd4 12. cxd4 exd4 13. Rc1 Nc5 14. Bf4 Rd8 15. Nxd6 Qa5 16. Bc4 Be6 17. e5 Nf5 18. Bxe6 Nxd6 19. Ba2 Nf5 20. Ng5 Nh6 21. Nxf7 Nxf7 22. e6 Rac8 23. exf7+ Kh8 24. Bg5 Nd7 25. Bxd8 Rxd8 26. Re8+ Nf8 27. b4 Qb6 28. a5 Qd6 29. Qd3 Rd7 30. Rb1 Rc7 31. Bc4 Qc6 32. Rxf8+ Bxf8 33. Qxd4+ 1-0

[Event "Romania rapid online op final"]
[Site "Chess.com INT"]
[Date "2020.05.01"]
[Round "5"]
[White "Ienasoaie, Gabriel"]
[Black "Stanciu, Alexandru Ovidiu"]
[Result "1/2-1/2"]
[WhiteElo "1735"]
[BlackElo "2323"]
[PlyCount "135"]
[EventDate "2020.05.01"]
[EventType "swiss (rapid)"]
[EventRounds "7"]
[EventCountry "ROU"]
[SourceTitle "CBM 196 Extra"]
[Source "ChessBase"]
[SourceDate "2020.07.31"]
[SourceVersion "1"]
[SourceVersionDate "2020.07.31"]
[SourceQuality "1"]

1. e4 c6 2. d4 d5 3. Nd2 dxe4 4. Nxe4 Bf5 5. Ng3 Bg6 6. Nf3 e6 7. Bd3 Nf6 8. 0-0 Nbd7 9. Bxg6 hxg6 10. Re1 Bd6 11. c4 Qc7 12. Bg5 0-0 13. Qe2 Rfe8 14. a3 a5 15. Ne5 a4 16. Rad1 c5 17. Nxd7 Nxd7 18. Qd2 Nf6 19. dxc5 Bxc5 20. Qc2 Qc6 21. Ne4 Be7 22. Nxf6+ gxf6 23. Be3 Rac8 24. b4 axb3 25. Qxb3 Rc7 26. Bb6 Qxc4 27. Re3 Rc6 28. Qxc4 Rxc4 29. g3 Ra8 30. Rd7 Bxa3 31. Rxb7 Rb4 32. Rc3 Ra6 33. Rc6 Bb2 34. Kg2 Be5 35. h4 Rb2 36. Kh3 f5 37. Rc8+ Kg7 38. Rc6 Kg8 39. Rc8+ Kg7 40. Rc6 Rxf2 41. Rxe6 Rb2 42. Rxe5 Rbxb6 43. Rxb6 Rxb6 44. Ra5 Kf6 45. Kg2 Rb2+ 46. Kf3 Rb3+ 47. Kg2 Rb6 48. Ra7 Re6 49. Ra5 Re5 50. Ra6+ Re6 51. Ra3 Rd6 52. Ra5 Ke6 53. Kf3 Rd3+ 54. Kf4 Rd4+ 55. Kf3 Re4 56. Ra8 Ke5 57. Re8+ Kd5 58. Rd8+ Kc6 59. Rf8 Re7 60. h5 gxh5 61. Kf4 Kd6 62. Kxf5 Re5+ 63. Kf6 Re3 64. Rxf7 Rxg3 65. Rh7 Rh3 66. Kg5 Ke5 67. Rxh5 Rxh5+ 68. Kxh5 1/2-1/2

[Event "Romania rapid online op final"]
[Site "Chess.com INT"]
[Date "2020.05.01"]
[Round "2"]
[White "Mazilu, Stefan Fabian"]
[Black "Ienasoaie, Gabriel"]
[Result "0-1"]
[WhiteElo "1782"]
[BlackElo "1735"]
[PlyCount "51"]
[EventDate "2020.05.01"]
[EventType "swiss (rapid)"]
[EventRounds "7"]
[EventCountry "ROU"]
[SourceTitle "CBM 196 Extra"]
[Source "ChessBase"]
[SourceDate "2020.07.31"]
[SourceVersion "1"]
[SourceVersionDate "2020.07.31"]
[SourceQuality "1"]

1. d4 d5 2. c4 e6 3. Nf3 Nf6 4. g3 Bb4+ 5. Bd2 Be7 6. Bc3 dxc4 7. Bg2 b5 8. Ne5 Nd5 9. a4 b4 10. Bd2 Ba6 11. Qc1 c5 12. dxc5 Bxc5 13. Nxc4 Nd7 14. Ne3 Rc8 15. Nxd5 Bxf2+ 16. Kxf2 Rxc1 17. Rxc1 exd5 18. Bf3 0-0 19. a5 Qf6 20. Rc2 Re8 21. Be3 Ne5 22. Bf4 Qf5 23. Rd2 Nxf3 24. exf3 g5 25. Be3 Qh3 26. Kg1 0-1

[Event "Romania rapid online op final"]
[Site "Chess.com INT"]
[Date "2020.05.01"]
[Round "6"]
[White "Pavel, Sebastian Ionut"]
[Black "Ienasoaie, Gabriel"]
[Result "1/2-1/2"]
[WhiteElo "2183"]
[BlackElo "1735"]
[PlyCount "31"]
[EventDate "2020.05.01"]
[EventType "swiss (rapid)"]
[EventRounds "7"]
[EventCountry "ROU"]
[SourceTitle "CBM 196 Extra"]
[Source "ChessBase"]
[SourceDate "2020.07.31"]
[SourceVersion "1"]
[SourceVersionDate "2020.07.31"]
[SourceQuality "1"]

1. e4 c5 2. Nf3 e6 3. d4 cxd4 4. Nxd4 Nc6 5. c4 Nf6 6. f3 d5 7. Nxc6 bxc6 8. Nc3 Bc5 9. Bg5 0-0 10. Be2 h6 11. Bxf6 Qxf6 12. Qd2 Rb8 13. 0-0-0 Ba6 14. Na4 Be7 15. Qd4 Qg5+ 16. Qd2 1/2-1/2

[Event "Bicaz City Cup"]
[Site "Bicaz"]
[Date "2020.03.08"]
[Round "7"]
[White "Ienasoaie, Rafael"]
[Black "Ienasoaie, Gabriel"]
[Result "0-1"]
[WhiteElo "1883"]
[BlackElo "1685"]
[PlyCount "148"]
[EventDate "2020.03.05"]
[EventType "swiss"]
[EventRounds "7"]
[EventCountry "ROU"]
[SourceTitle "CBM 195 Extra"]
[Source "ChessBase"]
[SourceDate "2020.05.31"]
[SourceVersion "1"]
[SourceVersionDate "2020.05.31"]
[SourceQuality "1"]

1. e4 c5 2. Nf3 d6 3. d4 cxd4 4. Nxd4 Nf6 5. Nc3 a6 6. Bc4 e6 7. Bb3 Be7 8. 0-0 0-0 9. Kh1 Nc6 10. Be3 Qc7 11. h3 Nxd4 12. Qxd4 Bd7 13. Rab1 Rab8 14. Ra1 Ra8 15. Rad1 Bc6 16. Rc1 Rab8 17. Rb1 Ra8 18. Rbd1 Rac8 19. a3 b5 20. Rfe1 Rfe8 21. Bg5 Red8 22. Bc1 Qb7 23. f4 Ne8 24. Qf2 a5 25. f5 e5 26. Qe2 Nf6 27. Qe3 Ne8 28. Rf1 Nf6 29. Rde1 Bf8 30. Re2 Re8 31. Rfe1 Rcd8 32. Qf2 Qa8 33. Bg5 Be7 34. Qg3 Qb7 35. Kh2 b4 36. axb4 axb4 37. Nd5 Kh8 38. h4 Nxd5 39. exd5 Bxd5 40. Bxd5 Qxd5 41. Rd2 Qc5 42. Re4 f6 43. Be3 Qc6 44. Rxb4 d5 45. Rg4 Bf8 46. c3 Qd7 47. Rf2 Qf7 48. Ra4 Rd7 49. Rd2 Red8 50. Qf3 Be7 51. g3 Bf8 52. Qd1 e4 53. Ra5 g6 54. fxg6 hxg6 55. b4 Qe6 56. Qe2 Bd6 57. Kg2 Bc7 58. Ra6 Qe5 59. Qf2 Kh7 60. Rxf6 Qxc3 61. Bd4 Qb3 62. Rf7+ Kg8 63. Rxd7 Rxd7 64. Rb2 Qd3 65. b5 Rf7 66. Qe3 Qf1+ 67. Kh2 Rf3 68. Qg1 Bxg3+ 69. Kh1 Qh3+ 70. Rh2 Qxh2+ 71. Qxh2 Bxh2 72. Kxh2 e3 73. b6 e2 74. b7 Rb3 0-1

[Event "Bicaz City Cup"]
[Site "Bicaz"]
[Date "2020.03.07"]
[Round "4"]
[White "Ienasoaie, Gabriel"]
[Black "Stegariu, Alexandru"]
[Result "0-1"]
[WhiteElo "1685"]
[BlackElo "2129"]
[PlyCount "83"]
[EventDate "2020.03.05"]
[EventType "swiss"]
[EventRounds "7"]
[EventCountry "ROU"]
[SourceTitle "CBM 195 Extra"]
[Source "ChessBase"]
[SourceDate "2020.05.31"]
[SourceVersion "1"]
[SourceVersionDate "2020.05.31"]
[SourceQuality "1"]

1. d4 Nf6 2. c4 g6 3. Nc3 d5 4. cxd5 Nxd5 5. e3 Bg7 6. Bc4 Nb6 7. Bb3 0-0 8. Bd2 Na6 9. Nce2 c5 10. Bc3 Nd5 11. Qd2 b5 12. e4 Nf6 13. e5 Ne4 14. Qe3 Bb7 15. f3 Nxc3 16. bxc3 Qa5 17. Kf2 b4 18. cxb4 cxd4 19. bxa5 dxe3+ 20. Kxe3 Bxe5 21. Rb1 Nc5 22. Nh3 Rfd8 23. Nf2 Ba6 24. Ng4 Rd3+ 25. Kf2 Rd2 26. Rhe1 Bc3 27. Kf1 Bxa5 28. Ne5 Nxb3 29. axb3 Rd5 30. b4 Bxb4 31. Rxb4 Rxe5 32. Kf2 Rc8 33. Nd4 Rxe1 34. Kxe1 e5 35. Nb3 Rc2 36. Nd2 Ra2 37. h4 Kg7 38. g4 f5 39. g5 h6 40. Nc4 hxg5 41. hxg5 Rg2 42. Nxe5 0-1